| 000 | 007360000a22002050004500 | ||
|---|---|---|---|
| 020 | _a84-206-8697-2 | ||
| 041 | 0 | _aSPA | |
| 082 | 0 | 4 | _aG 300.1 K521d |
| 100 | 1 | _aKing, Gary | |
| 245 | 1 | 0 | _aEl diseño de la investigación social : La inferencia científica en los estudios cualitativos / Gary King, Robert O. Keohane, Sidney Verba; Versión de Jesús Cuéllar Menezo |
| 260 | _aMadrid, España : Alianza | ||
| 300 | _a272 Pag | ||
| 500 | _aTítulo original : Designing Social Inquiry, Scientific Inferencia in Qualitative Research | ||
| 650 | 1 | 4 | _aCIENCIAS SOCIALES - METODOLOGIA |
| 001 | 12074 | ||
| 942 | _cBK | ||
| 999 |
_c41103 _d41103 |
||
| 336 |
_atexto _btxt _2rdacontent |
||
| 337 |
_2rdamedia _asin mediación _bn |
||
| 338 |
_2rdacarrier _avolumen _bnc |
||